000
00331nam a2200145Ia 4500
100
_a
Shah/Paresh
942
_c
BK
366
_f
17.5
654
_a
accounting
245
_a
Basic Financial Accounting for Management
260
_b
Oxford Higher Education
_c
2007
082
_a
657.48/SHA
_b
SHA
300
_a
594
546
_a
ENGLISH
999
_c
35711
_d
35711